000 00374nam a2200145Ia 4500
008 220217s9999||||xx |||||||||||||| ||und||
020 _a81-203-1165-5
082 _a004.6 TAN
100 _aTanenbaum, Andrew, S
245 0 _aComputer networks
250 _a3rd
260 _aPrentice hall of india
_bNew Delhi
_c2000
300 _b225
650 _aCOMPUTER NETWORK
999 _c165702
_d165702